|
|
|
|
| LEADER |
00000cam a2200000 4500 |
| 001 |
vtls012242293 |
| 003 |
SK-MaSNL |
| 005 |
20260301144544.0 |
| 008 |
231020s2023 xo e 000 f slo |
| 015 |
|
|
|a SNBA2024/01
|
| 020 |
|
|
|a 9788082021939
|q (viazané)
|
| 040 |
|
|
|a SNK
|b slo
|c SNK
|e rda
|
| 041 |
1 |
|
|a slo
|h rus
|
| 044 |
|
|
|a xo
|c SK
|
| 072 |
|
7 |
|a 821.161.1
|x Ruská literatúra
|2 konspekt
|
| 080 |
|
|
|a 821.161.1-31
|2 2011
|
| 100 |
1 |
|
|a Bykov, Dmitrij Ľvovič,
|d 1967-
|4 aut
|9 220343
|
| 240 |
1 |
0 |
|a Opravdanije
|l Slovensky
|
| 245 |
1 |
0 |
|a Ospravedlnenie
|c Dmitrij Bykov ; z ruského originálu Opravdanije ... preložil Miloš Ferko
|
| 250 |
|
|
|a Prvé vydanie
|
| 264 |
|
1 |
|a Bratislava
|b Vydavateľstvo Spolku slovenských spisovateľov
|c 2023
|
| 300 |
|
|
|a 237 strán
|c 22 cm
|
| 336 |
|
|
|a text
|b txt
|2 rdacontent
|
| 337 |
|
|
|a bez média
|b n
|2 rdamedia
|
| 338 |
|
|
|a zväzok
|b nc
|2 rdacarrier
|
| 655 |
|
7 |
|a ruské romány
|2 SNKPH
|9 70514
|
| 655 |
|
7 |
|a Russian fiction
|2 SNKPHeng
|9 277049
|
| 700 |
1 |
|
|a Ferko, Miloš,
|d 1974-
|4 aut
|9 103967
|
| 852 |
|
|
|a Slovenská národná knižnica
|
| 919 |
|
|
|a 978-80-8202-193-9
|
| 954 |
|
|
|a beletria cudzojazyčná (svetová)
|2 lita
|
| 958 |
|
|
|a LX
|
| 958 |
|
|
|a UP
|
| 968 |
|
|
|b RUS
|
| 999 |
|
|
|c 777439
|d 779369
|
| 952 |
|
|
|a SNK
|b SNK
|y PREZ
|7 0
|p 17A1536139
|o snkSC 203933
|i snk2023/15237
|8 0
|0 0
|1 0
|4 0
|d 2023-10-20
|l 0
|r 2025-10-28 00:00:00
|w 2026-02-24
|
| 952 |
|
|
|a SNK
|b SNK
|y PREZ
|7 0
|p 17A1536140
|o snkSC 203933 D1
|i snk2023/15238
|8 0
|0 0
|1 0
|4 0
|d 2023-10-20
|l 0
|r 2026-02-24 00:54:12
|w 2026-02-24
|